| 000 | 00569nam a22001937a 4500 | ||
|---|---|---|---|
| 005 | 20260317130116.0 | ||
| 008 | 260317b |||||||| |||| 00| 0 eng d | ||
| 020 | _a1560534443 | ||
| 050 |
_a RJ411 _b.P43 2002 |
||
| 245 | _aPediatric hematology & oncology secrets / | ||
| 260 |
_a Amsterdam : _bElsevier, _c2002 |
||
| 300 |
_a 281 pages : _b illustrations ; _c 23 cm. |
||
| 650 | _aPediatric hematology. | ||
| 650 | _aTumors in children. | ||
| 700 | _a Weiner, Michael A. | ||
| 700 | _bSatwani, Prakash, | ||
| 700 | _aYamashiro, Darrell J., | ||
| 942 |
_2lcc _cBK |
||
| 999 |
_c60268 _d60268 |
||